[Event "Wch FIDE Online U12 Girls Asia qual"]
[Site "Tornelo INT"]
[Date "2020.12.11"]
[Round "2"]
[White "Liu, Xintong"]
[Black "Zhunusbekova, Aymunzhok"]
[Result "0-1"]
[WhiteElo "1519"]
[BlackElo "1210"]
[PlyCount "134"]
[EventDate "2020.12.11"]
[EventType "swiss (rapid)"]
[EventRounds "7"]
[EventCountry "ISS"]
[SourceTitle "EXT 2022"]
[Source "ChessBase"]
[SourceDate "2021.10.06"]
[SourceVersion "1"]
[SourceVersionDate "2021.10.06"]
[SourceQuality "1"]

1. e4 e5 2. Nf3 Nc6 3. Bb5 a6 4. Ba4 Nf6 5. d3 b5 6. Bb3 Be7 7. 0-0 0-0 8. c3 d6 9. Re1 Bg4 10. Nbd2 Na5 11. Bc2 c5 12. h3 Bh5 13. Nf1 c4 14. Ng3 cxd3 15. Bxd3 Bg6 16. Bg5 h6 17. Be3 Rc8 18. Nh4 Bxe4 19. Nxe4 Nxe4 20. Bxe4 Bxh4 21. Qg4 Bg5 22. Bxg5 Qxg5 23. Qxg5 hxg5 24. Rad1 Rfd8 25. Rd3 Nc4 26. b3 Nb6 27. Red1 d5 28. Bxd5 Nxd5 29. Rxd5 Rxd5 30. Rxd5 Rxc3 31. Rxe5 Rc2 32. Rxg5 Rxa2 33. Rg3 Rb2 34. Kf1 Rb1+ 35. Ke2 Rb2+ 36. Kf1 a5 37. Rd3 Rb1+ 38. Ke2 Rb2+ 39. Kf1 Kf8 40. Re3 Ra2 41. Re5 b4 42. Rb5 Ke7 43. f4 Kf6 44. Re5 a4 45. bxa4 b3 46. Rb5 b2 47. Ke1 Ra1+ 48. Kd2 b1Q 49. Rxb1 Rxb1 50. Kc3 Ra1 51. Kb4 Kf5 52. g3 Ke4 53. a5 Kf3 54. g4 Kxf4 55. Kb5 Kg3 56. a6 Kxh3 57. g5 Kg4 58. Kb6 Kxg5 59. Kb7 f5 60. a7 f4 61. a8Q Rxa8 62. Kxa8 f3 63. Kb8 f2 64. Ka7 f1Q 65. Ka8 Qb5 66. Ka7 Kf6 67. Ka8 g5 0-1